Statistics for Game Of Thrones Trivia - Season 6

Click here to take the quiz!

General Stats

  • This quiz has been taken 410 times
  • The average score is 7 of 14

Answer Stats

HintAnswer% Correct
Who dies to let Bran escape?Hodor
92%
Who is Jon's true father?Rhaegar Targaryen
88%
Who is elected ruler of the Iron Islands after Balon's death?Euron Greyjoy
76%
Who's throat does Arya slit?Walder Frey
74%
What is the name of Bran's female companionMeera Reed
66%
Who does Ned fight alongside of outside the Tower of JoyHowland Reed
56%
Who kills Grand Maester Pycelle?Qyburn
53%
What does Davos find in a burned pyre?a stag
51%
What does Cersei blow up?Great Sept of Baelor
46%
Who is Tommen's hand of the king?Kevan Lannister
43%
What does Daenerys rename slaver's bay to?Bay of Dragons
31%
Where is Melisandre orginally from?Asshai
27%
Where does Olanna Tyrell head after the Green Trial?Sunspear
19%
Where is Jaqen Hagar from?Lorath
12%

Score Distribution

Percentile by Number Answered

Percent of People with Each Score

Your Score History

You have not taken this quiz